Poetical works of Matthew Arnold : with explanatory notes by the author.

Bibliographic Details
Main Author: Arnold, Matthew, 1822-1888
Format: Book
Language:English
Published: New York : Burt co., [date of publication not identified]

MARC

Tag First Indicator Second Indicator Subfields
LEADER 00000cam a2200000 4500
001 in00000036005
005 20151007063605.0
008 750523nuuuuuuuunyu 00010 eng d
035 |a (OCoLC)01354671 
035 |9 AAD7758AM 
040 |a TLM  |c TLM  |d TXA  |d UtOrBLW 
049 |a TXAM  |c [91408] 
090 |a PR4021  |b .A46 1900z 
092 |a 821  |b A757p 
100 1 |a Arnold, Matthew,  |d 1822-1888. 
245 1 0 |a Poetical works of Matthew Arnold :  |b with explanatory notes by the author. 
264 1 |a New York :  |b Burt co.,  |c [date of publication not identified] 
300 |a 466 pages :  |b frontispiece 
336 |a text  |b txt  |2 rdacontent 
337 |a unmediated  |b n  |2 rdamedia 
338 |a volume  |b nc  |2 rdacarrier 
999 |a MARS 
999 f f |s aa187ea5-e74a-39b6-bdb4-9057b734989d  |i 5581e17f-e386-36c9-a505-c1a1986bffbb  |t 0 
952 f f |p normal  |a Texas A&M University  |b College Station  |c Sterling C. Evans Library  |d Evans: Library Stacks  |t 0  |e PR4021 .A46 1900z  |h Library of Congress classification  |i unmediated -- volume  |m A14801274528 
998 f f |a PR4021 .A46 1900z  |t 0  |l Evans: Library Stacks